El regreso de Eva. (Registro nro. 323763)
[ vista simple ]
| 000 -ENCABEZADO | |
|---|---|
| Número de control [NR] | 01538nam a2200241Ia 4500 |
| 005 - FECHA Y HORA DE LA ÚLTIMA TRANSACCIÓN | |
| control field | 20240118143025.0 |
| 008 - DE LONGITUD FIJA DE DATOS DE ELEMENTOS - INFORMACIÓN GENERAL | |
| Elementos de longitud fija [NR] | 130821s1936 ck fr ddspa |
| 040 ## - FUENTE DE CATALOGACION [NR] | |
| Agencia de catalogación original [NR] | Co-BoUCM |
| Idioma de catalogación [NR] | spa |
| Quien Cataloga | Sandra Yazo |
| Quien Clasifica | Sandra Yazo |
| 041 00 - CODIGO DE IDIOMA [R] | |
| Código de idioma para texto/pista de sonido o título separado [R] | Español |
| 082 04 - NUMERO DE CLASIFICACION DECIMAL DEWEY [R] | |
| Número de clasificación [R] | 862.5 |
| Número de la edición [NR] | 20 |
| 092 ## - SIGNATURA TOPOGRAFICA LOCAL | |
| Número de clasificación local | E52N130 |
| 100 1# - ASIENTO PRINCIPAL--NOMBRE PERSONAL [NR] | |
| ID Autoridad | 164120 |
| Nombre personal [NR] | Zalamea Borda, Jorge |
| Fechas asociadas con el nombre [NR] | 1905-1969 |
| 245 10 - MENCION DE TITULO [NR] | |
| Título [NR] | El regreso de Eva. |
| Mención de responsabilidad, etc. [NR] | Jorge Zalamea |
| 260 ## - PUBLICACION, DISTRIBUCION, ETC. (PIE DE IMPRENTA) [R] | |
| Lugar de publicación, distribución, etc. [R] | Bogotá (Colombia) |
| Nombre del editor, distribuidor, etc. [R] | Editorial Minerva S. A. |
| Fecha de publicación, distribución, etc. [R] | 1936 |
| 300 ## - DESCRIPCION FISICA [R] | |
| Extensión [R] | 156, [1] páginas |
| Dimensiones [R] | 18 x 14 cm |
| 490 #0 - MENCION DE SERIE [R] | |
| Mención de serie [R] | Biblioteca Aldeana de Colombia |
| Designación numérica/secuencial del volumen [NR] | 100 |
| 500 ## - NOTA GENERAL [R] | |
| Nota general [NR] | Detalles físicos: Sin encuadernación original. Actualmente: Encuadernación rígida (holandesa) en cartón forrado en papel jaspeado en tono azul. Lomo de tela, con letras y líneas decorativas en dorado. Cortes decorados (jaspeado azul). Guardas. Hoja de cortesía. Portada impresa en una sola tinta. Grabado con el emblema de la Colección. Texto impreso en una sola columna, con diferentes tipos y tamaños de letra. Notas de pie de página. Papel oxidado en bordes de las hojas. Residuos de cinta pegante en tapas. Doblez en esquina inferior de últimas hojas. En la encuadernación (lomo) se indica una numeración (100). Colección Aldeana de Colombia es una selección de Samper Ortega de Literatura Colombiana |
| 505 0# - NOTA DE CONTENIDO CON FORMATO PREESTABLECIDO [R] | |
| Nota de contenido con formato preestablecido [NR] | Luis Enrique Osorio -- El Iluminado, drama en cuatro actos y en prosa |
| 506 ## - NOTA DE RESTRICCIONES DE ACCESO [R] | |
| Condiciones de acceso [NR] | Consulta en sala |
| 650 #7 - ASIENTO SECUNDARIO DE MATERIA - TERMINO TEMATICO [R] | |
| Término temático o nombre geográfico como elemento de entrada [NR] | Teatro colombiano |
| 9 (RLIN) | 25057 |
| 690 ## - ASUNTO AGREGADO LOCAL DE ENTRADA - TÉRMINO TEMÁTICO (OCLC, RLIN) | |
| Acceso temático local | Literatura colombiana |
| 9 (RLIN) | 18629 |
| 942 ## - ELEMENTOS DE ENTRADA AGREGADOS (KOHA) | |
| Tipo de ítem principal el descrito en 300a | Libro |
| Tema principal | 24 |
| Edición | 1 |
| Sistema de clasificación | LOCAL |
| Clasificación | E52N130 |
| Título oculto en OPAC | No |
| Suprimido | Perdido | Sistema de clasificación | Dañado | No prestable | Tipo de ítem específico | Ubicación habitual | Ubicación actual | Localización | Fecha de creación | Forma de adquisición | Costo | Total préstamos | Signatura topográfica | Código de barras | Última vez visto | Ejemplar | Price effective from | Tipo de ítem |
|---|---|---|---|---|---|---|---|---|---|---|---|---|---|---|---|---|---|---|
| LOCAL | Libro archivo | Archivo Histórico | Archivo Histórico | Archivo histórico | 18/01/2024 | Donación | 0.00 | E52N130 | L006965 | 18/01/2024 | Ej.1 | 18/01/2024 | Libro |